Rezidencia veľvyslanca
Na minha lista:
| Autor principal: | |
|---|---|
| Outros Autores: | |
| Formato: | Manuscrito Livro |
| Idioma: | eslovaco |
| Publicado em: |
Bratislava
2019
|
| Assuntos: | |
| Acesso em linha: | http://is.stuba.sk/zp/portal_zp.pl?podrobnosti=120142 |
| Tags: |
Sem tags, seja o primeiro a adicionar uma tag!
|
MARC
| LEADER | 00000ntm a22000003a 4500 | ||
|---|---|---|---|
| 001 | stuzp73888 | ||
| 003 | SK-STU | ||
| 005 | 20200918080209.4 | ||
| 007 | ta | ||
| 008 | 150427s2015----xo-----f-mn---000-0-slo-d | ||
| 040 | |a STU |b slo | ||
| 041 | 0 | |a slo | |
| 100 | 1 | |a Lenčéšová, Hedviga |u 055150 |4 aut |U FAD Fakulta architektúry |T FA Ústav interiéru a výstavníctva |X 77103 |U A5150 |Y 396 |7 77103 | |
| 242 | 0 | 1 | |a Residence of Ambassador |y eng |
| 245 | 1 | 0 | |a Rezidencia veľvyslanca |
| 260 | |c 2019 |a Bratislava | ||
| 650 | 4 | |a rezidencia |2 slo | |
| 650 | 4 | |a veľvyslanec |2 slo | |
| 650 | 4 | |a konzulárny úrad |2 slo | |
| 650 | 4 | |a residence |2 eng | |
| 650 | 4 | |a ambassador |2 eng | |
| 650 | 4 | |a consular office |2 eng | |
| 700 | 1 | |a Daniel, Peter |u 055150 |k Z1 |4 ths |U FAD Fakulta architektúry |T FA Ústav interiéru a výstavníctva |X 388 |U A5150 |Y 396 |7 A000000388 | |
| 856 | 4 | |u http://is.stuba.sk/zp/portal_zp.pl?podrobnosti=120142 |u https://opac.crzp.sk/?fn=detailBiblioForm&sid=56521031C266C9A2AF3D05001945 | |